Statistics for Countries Bordering China by Capital

Click here to take the quiz!

General Stats

  • This quiz has been taken 30 times
  • The average score is 14 of 14

Answer Stats

CapitalCountry% Correct
KabulAfghanistan
100%
DelhiIndia
100%
UlaanbaatarMongolia
100%
Nay Pyi DawMyanmar
100%
KathmanduNepal
100%
PyongyangNorth Korea
100%
IslamabadPakistan
100%
MoscowRussia
100%
HanoiVietnam
100%
BishkekKyrgyzstan
96%
VientianeLaos
96%
DushanbeTajikistan
96%
ThimphuBhutan
93%
Nur SultanKazakhstan
89%

Score Distribution

Percentile by Number Answered

Percent of People with Each Score

Your Score History

You have not taken this quiz